Logo BPK

Biblioteka

Politechniki Koszalińskiej

Domy w tradycji : (Rekord nr 49149)

Szczegóły MARC
000 -ETYKIETA REKORDU
podpole kontrolne o stałej długości 00695nam a2200217 i 4500
001 - NUMER KONTROLNY REKORDU
pole kontrolne bg
022 ## - MIĘDZYNARODOWY ZNORMALIZOWANY NUMER WYDAWNICTW CIĄGŁYCH - ISSN
ISSN 14281465
040 ## - ŹRÓDŁO KATALOGOWANIA
Instytucja, która utworzyła rekord BPK
041 0# - KOD JĘZYKA
Kod języka tekstu pol
044 ## - KOD KRAJU WYDAWCY/PRODUCENTA
Kod kraju wydawcy/producenta POL
080 ## - UNIWERSALNA KLASYFIKACJA DZIESIĘTNA - UKD
UKD 69::728.3(085.2)
008 - POLE O STAŁEJ DŁUGOŚCI - DANE KONTROLNE
podpole kontrolne o stałej długości s pl f |000 0 pol
245 00 - TYTUŁ/ODPOWIEDZIALNOŚĆ
Tytuł Domy w tradycji :
Ciąg dalszy tytułu katalog projektów typowych.
Oznaczenie części/sekcji dzieła Nr 29, 2-2008.
260 ## - STREFA ADRESU WYDAWNICZEGO
Miejsce wydania Bielsko-Biała :
Nazwa wydawcy/dystrybutora STUDIO ATRIUM,
Data publikacji, dystrybucji/powstania dokumentu 2008.
300 ## - STREFA OPISU FIZYCZNEGO
Objętość 171 s. :
Inne cechy fizyczne rys. kolor. ;
Rozmiary 30 cm
Dokument towarzyszący + 1 dysk optyczny (DVD)
500 ## - UWAGI OGÓLNE
Tekst uwagi U góry okł. : Domy na wąskie działki
650 #9 - HASŁO PRZEDMIOTOWE W FORMIE NAZWY OGÓLNEJ LUB JEDNOSTKOWEJ
Nazwa ogólna lub geograficzna Budownictwo jednorodzinne
Określnik ogólny projekty
655 ## - TERMIN INDEKSOWY - OKREŚLENIE RODZAJU/FORMY DOKUMENTU
Określenie rodzaju/formy dokumentu Katalogi
856 ## - LOKALIZACJA I DOSTĘP DO ELEKTRONICZNYCH DOKUMENTÓW ZDALNYCH
Link (URL) http://koha.tu.koszalin.pl/cgi-bin/koha/opac-detail.pl?biblionumber=49149
Tekst linku Katalog online BPK
946 ## - DANE ZAMÓWIENIA
c 4,90
942 ## - DODATKOWE ELEMENTY (KOHA)
Typ dokumentu Katalog
Egzemplarze
Wycofany Status egzemplarza Uszkodzony Dostępność Lokalizacja stała Lokalizacja bieżąca Miejsce przechowywania Sygnatura Kod kreskowy Dział Typ dokumentu
      Tylko na miejscu Czytelnia Wydziału Elektroniki i Informatyki, Wydziału Architektury i Wzornictwa, Wydziału Inżynierii Mechanicznej i Energetyki oraz Wydziału Inżynierii Lądowej, Środowiska i Geodezji Czytelnia Wydziału Elektroniki i Informatyki, Wydziału Architektury i Wzornictwa, Wydziału Inżynierii Mechanicznej i Energetyki oraz Wydziału Inżynierii Lądowej, Środowiska i Geodezji Czytelnia Wydziałowa ul. Śniadeckich 2 KC 3545 02203331 69 Przemysł budowlany. Rzemiosło budowlane Katalog
© 2023 Biblioteka Politechniki Koszalińskiej :: KOHA